| 000 | 00545nam a2200205 a 4500 | ||
|---|---|---|---|
| 001 | 19363 | ||
| 003 | CO-ViMGA | ||
| 008 | 141112s2004 ck r 000 u spa d | ||
| 020 | _a8426114040 | ||
| 040 |
_aCO-ViMGA _bspa _cCO-ViMGA |
||
| 082 | 0 | 4 | _aHERv |
| 100 | 1 |
_aHerge, _927819 |
|
| 245 | 1 | 0 | _aVuelo 714 para Sidney |
| 260 |
_aBarcelona : _bEd. Juventud; 1999 |
||
| 300 | _a62 p. | ||
| 490 | _aLas Aventuras de Tintin | ||
| 650 | 1 | 4 |
_aCUENTOS INFANTILES DE AVENTURAS _927820 |
| 650 | 1 | 4 |
_aTIRAS COMICAS - HISTORIETAS _927821 |
| 942 |
_2ddc _cBK |
||
| 999 |
_c28520 _d28520 |
||